[Event "Najdorf mem 11th"]
[Site "Buenos Aires"]
[Date "2000.09.24"]
[Round "7"]
[White "Short, Nigel D"]
[Black "Karpov, Anatoly"]
[Result "1/2-1/2"]
[WhiteElo "2677"]
[BlackElo "2699"]
[PlyCount "93"]
[EventDate "2000.09.18"]
[Source "ChessBase"]
[SourceDate "2001.01.25"]

1. e4 e5 2. f4 exf4 3. Bc4 c6 4. Nc3 Nf6 5. Bb3 d5 6. exd5 cxd5 7. d4 Bd6 8. Nf3 Be6 9. O-O O-O 10. Ne5 Nc6 11. Bxf4 Rc8 12. Kh1 a6 13. Nxc6 bxc6 14. Bg5 Be7 15. Qd3 a5 16. Rae1 Nd7 17. Bxe7 Qxe7 18. Na4 Qd6 19. c3 g6 20. Bc2 Rfe8 21. Qg3 Qxg3 22. hxg3 c5 23. dxc5 Nxc5 24. Rf4 h5 25. Rd4 Kf8 26. Kg1 Re7 27. Nxc5 Rxc5 28. Re2 Bg4 29. Rxe7 Kxe7 30. Kf2 Ke6 31. Ke3 Ke5 32. a3 Bd7 33. Bd1 Rc4 34. Be2 Rxd4 35. cxd4+ Kd6 36. Kf4 f6 37. Bd3 g5+ 38. Ke3 Bg4 39. Kd2 Kc6 40. Kc3 Kb6 41. b4 f5 42. Kd2 axb4 43. axb4 f4 44. gxf4 gxf4 45. Ke1 h4 46. Kf2 Kc6 47. Bf1 1/2-1/2

[Event "Wijk aan Zee"]
[Site "?"]
[Date "1997.??.??"]
[Round "?"]
[White "Short, N."]
[Black "Nikolic, P."]
[Result "1-0"]
[WhiteElo "2690"]
[BlackElo "2655"]
[PlyCount "81"]
[EventDate "1997.??.??"]
[Source "ChessBase"]
[SourceDate "1996.10.01"]

1. e4 e5 2. f4 exf4 3. Bc4 c6 4. Nc3 Nf6 5. Bb3 d5 6. exd5 cxd5 7. d4 Bd6 8. Nf3 Nc6 9. O-O Be6 10. Ng5 h6 11. Nxe6 fxe6 12. Bxf4 Bxf4 13. Rxf4 O-O 14. Qd3 Qd6 15. Raf1 Nh7 16. Ne2 Na5 17. c3 Nxb3 18. axb3 a5 19. Qg6 Qe7 20. Qh5 Ng5 21. h4 Ne4 22. Qe5 Rf6 23. Rxf6 gxf6 24. Qf4 Kh7 25. c4 Rg8 26. cxd5 exd5 27. Rc1 Qe6 28. Rc7+ Rg7 29. Rxg7+ Kxg7 30. Qc7+ Kf8 31. Nf4 Qf5 32. Qb8+ Ke7 33. Qxb7+ Kd6 34. b4 axb4 35. Qxb4+ Kc6 36. Qa4+ Kb6 37. g3 Kc7 38. Qa5+ Kc6 39. Kg2 h5 40. Qa8+ Kd6 41. Qd8+ 1-0

[Event "Koge 71/310"]
[Site "?"]
[Date "1997.??.??"]
[Round "?"]
[White "Adams, Michael"]
[Black "Sokolov, Ivan"]
[Result "1/2-1/2"]
[WhiteElo "2680"]
[BlackElo "2635"]
[PlyCount "63"]
[EventDate "1997.??.??"]
[Source "ChessBase"]
[SourceDate "1997.10.01"]

1. e4 e5 2. f4 exf4 3. Bc4 Ne7 4. Nc3 Ng6 5. Nf3 Be7 6. O-O O-O 7. d4 c6 8. Bb3 a5 9. a4 d6 10. Ne2 Be6 11. c3 Qb6 12. Bc2 Bc4 13. Bd3 Bb3 14. Qe1 Ne5 15. Bb1 Bc4 16. Kh1 Qa6 17. dxe5 Bxe2 18. exd6 Bxd6 19. Rf2 Bxf3 20. Rxf3 Be5 21. Bxf4 Nd7 22. Ba2 Bxf4 23. Rxf4 Ne5 24. Rf5 Rae8 25. Qg3 Qd3 26. Qf4 Ng6 27. Qf2 Re7 28. Rf1 Ne5 29. Qc5 Rfe8 30. Qd4 Rf8 31. Qc5 Rfe8 32. Qd4 1/2-1/2

[Event "St Petersburg m"]
[Site "St Petersburg"]
[Date "1999.03.31"]
[Round "7"]
[White "Spassky, Boris V"]
[Black "Kortschnoj, Viktor"]
[Result "1/2-1/2"]
[WhiteElo "2549"]
[BlackElo "2673"]
[PlyCount "68"]
[EventDate "1999.03.??"]
[Source "www.chesslib.no"]
[SourceDate "2004.05.04"]

1. e4 e5 2. f4 exf4 3. Bc4 Nf6 4. Nc3 Nc6 5. Nf3 Bb4 6. O-O O-O 7. e5 d5 8. Bb3 Ng4 9. d4 Bxc3 10. bxc3 Ne3 11. Bxe3 fxe3 12. Qd3 Na5 13. Rae1 c6 14. a4 Be6 15. Qxe3 Qe7 16. Ng5 h6 17. Nh3 Bxh3 18. Qxh3 Qe6 19. Qh4 Rae8 20. h3 Kh7 21. Ba2 Qg6 22. Re3 Qg5 23. Qf2 f6 24. Rf3 Kg8 25. Rf5 Qg6 26. Qf3 Kh8 27. h4 Re6 28. h5 Qe8 29. Qf4 Rf7 30. Qg4 Rf8 31. Qf3 Qe7 32. Qf4 a6 33. Qf2 Qa3 34. Bb3 Qe7 1/2-1/2

[Event "Cup Russia"]
[Site "Serpukhov RUS"]
[Date "2007.11.08"]
[Round "2.2"]
[White "Ovetchkin, R."]
[Black "Sakaev, K."]
[Result "1/2-1/2"]
[WhiteElo "2557"]
[BlackElo "2634"]
[PlyCount "47"]
[EventDate "2007.11.05"]
[Source "www.chesslib.no"]
[SourceDate "2004.05.04"]

1. e4 e5 2. f4 exf4 3. Bc4 Nf6 4. Nc3 c6 5. Bb3 d5 6. exd5 cxd5 7. d4 Bb4 8. Bxf4 Ne4 9. Nge2 O-O 10. O-O Bxc3 11. Nxc3 Nxc3 12. bxc3 Be6 13. Qf3 Nc6 14. Rae1 Qd7 15. h4 Na5 16. Qg3 Nxb3 17. cxb3 Bg4 18. Re3 Rfe8 19. Rfe1 h5 20. Kh2 b5 21. Bd6 Rxe3 22. Rxe3 Re8 23. Rxe8+ Qxe8 24. Qe5 1/2-1/2

[Event "Cannes masters k.o."]
[Site "Cannes"]
[Date "2000.02.21"]
[Round "3.2"]
[White "David, Alberto"]
[Black "Tkachiev, Vladislav"]
[Result "0-1"]
[WhiteElo "2520"]
[BlackElo "2670"]
[PlyCount "67"]
[EventDate "2000.02.19"]
[Source "ChessBase"]
[SourceDate "2000.05.31"]

1. e4 e5 2. f4 exf4 3. Bc4 Nf6 4. Nc3 c6 5. Bb3 d5 6. exd5 cxd5 7. d4 Bd6 8. Nge2 O-O 9. O-O g5 10. Nxd5 Nxd5 11. Bxd5 Nc6 12. c3 Ne7 13. Be4 Ng6 14. Qc2 Re8 15. Bd2 Qe7 16. Bd3 Bg4 17. Rae1 Qc7 18. Kh1 Bh5 19. Ng1 g4 20. Rxe8+ Rxe8 21. Qa4 Qc6 22. Bb5 Qe4 23. Bxe8 Nh4 24. Rf2 g3 25. Bxf7+ Bxf7 26. Re2 Qf5 27. d5 Qh5 28. Qe4 gxh2 29. Nf3 Nxf3 30. gxf3 Bxd5 31. Rg2+ Kf8 32. Qd4 Qxf3 33. Qg7+ Ke8 34. Kxh2 0-1

[Event "Amsterdam"]
[Site "?"]
[Date "1999.??.??"]
[Round "?"]
[White "Reinderman, D."]
[Black "Sokolov, I."]
[Result "0-1"]
[WhiteElo "2525"]
[BlackElo "2655"]
[PlyCount "60"]
[EventDate "1999.??.??"]
[Source "Chess Informant"]
[SourceDate "1999.06.01"]

1. e4 e5 2. f4 exf4 3. Bc4 Ne7 4. Nc3 c6 5. Qh5 Ng6 6. Nf3 Be7 7. d4 d6 8. e5 d5 9. Bd3 Na6 10. Ne2 Nb4 11. O-O Nxd3 12. cxd3 h6 13. Bxf4 Be6 14. Be3 Qd7 15. h3 O-O-O 16. Rf2 Rdg8 17. Nh2 Nh4 18. Ng3 g6 19. Qe2 g5 20. Raf1 h5 21. Nxh5 g4 22. Nf6 Bxf6 23. Rxf6 gxh3 24. g4 Bxg4 25. Nxg4 Rxg4+ 26. Kh1 Rg2 27. Qd1 h2 28. Rxf7 Rg1+ 29. Bxg1 hxg1=Q+ 30. Kxg1 Rg8+ 0-1

[Event "Lost Boys"]
[Site "Amsterdam"]
[Date "1999.08.18"]
[Round "5"]
[White "Reinderman, Dimitri"]
[Black "Timman, Jan H"]
[Result "1-0"]
[WhiteElo "2525"]
[BlackElo "2650"]
[PlyCount "121"]
[EventDate "1999.08.13"]
[Source "ChessBase"]
[SourceDate "1999.12.01"]

1. e4 e5 2. f4 exf4 3. Bc4 Nf6 4. Nc3 c6 5. Bb3 d5 6. exd5 cxd5 7. d4 Bd6 8. Nge2 f3 9. gxf3 Be6 10. Bg5 h6 11. Bh4 g5 12. Bg3 Nc6 13. Qd2 Ne7 14. O-O-O Nf5 15. Be5 Be7 16. f4 g4 17. Ng3 O-O 18. Qd3 Qd7 19. h3 Rfc8 20. Bxf6 Bxf6 21. hxg4 Nxg3 22. Qxg3 Qd6 23. Qf3 Rxc3 24. bxc3 a5 25. f5 Qa3+ 26. Kd2 Bg5+ 27. Kd3 Rf8 28. fxe6 fxe6 29. Qg2 Qd6 30. Ke2 a4 31. Rhf1 Rc8 32. Rf3 axb3 33. axb3 Ra8 34. Kf1 Ra2 35. Kg1 e5 36. dxe5 Qxe5 37. Qf2 Qe6 38. Kh1 Ra8 39. Qd4 Rd8 40. Rf5 Qe2 41. Rf2 Qe6 42. Rf3 Qe2 43. Qd3 Qe8 44. Rdf1 Qe4 45. Qxe4 dxe4 46. R3f2 e3 47. Re2 Kg7 48. Rf5 Rd6 49. Rb5 b6 50. Kg2 Rf6 51. c4 Rc6 52. Kf3 Kg6 53. Ke4 Rf6 54. Rf5 Rc6 55. Rd5 Rf6 56. Kd3 Re6 57. c5 bxc5 58. Rxc5 Rd6+ 59. Ke4 Rd1 60. Rc6+ Kf7 61. Rxe3 1-0

[Event "Warsaw POL, 5. Amplico AIG"]
[Site "?"]
[Date "2005.12.18"]
[Round "12"]
[White "Grabarczyk Bogdan"]
[Black "Aleksandrov Aleksej"]
[Result "1/2-1/2"]
[WhiteElo "2472"]
[BlackElo "2636"]
[PlyCount "153"]
[EventDate "2005.??.??"]
[Source "www.chesslib.no"]
[SourceDate "2004.05.04"]

1. e4 e5 2. f4 exf4 3. Bc4 c6 4. Nc3 Nf6 5. Bb3 d5 6. exd5 cxd5 7. Nf3 Bd6 8. d4 O-O 9. O-O Be6 10. Ne5 Nc6 11. Bxf4 Bxe5 12. dxe5 Ng4 13. Nxd5 Ngxe5 14. Kh1 Na5 15. Bxe5 Nxb3 16. axb3 Qxd5 17. Qxd5 Bxd5 18. Rfe1 f6 19. Bd4 Rfe8 20. b4 a6 21. Kg1 Kf7 22. Kf2 g5 23. g3 Kg6 24. Rxe8 Rxe8 25. Re1 Be4 26. c3 f5 27. Rd1 f4 28. gxf4 gxf4 29. Bc5 Bc6 30. Re1 Rd8 31. Bd4 Kh5 32. Re7 h6 33. Rf7 f3 34. Rg7 Rd5 35. Rg3 Rd7 36. Be3 Rd1 37. Rh3+ Kg4 38. Rxh6 Rb1 39. h3+ Kf5 40. Kg3 Rxb2 41. Bf2 Rc2 42. Rh5+ Ke4 43. Rc5 Kd3 44. h4 Re2 45. h5 Re8 46. h6 Rg8+ 47. Kh3 Be4 48. Rc7 Ke2 49. Re7 Kxf2 50. Rxe4 Rh8 51. Re6 Kf1 52. Rf6 f2 53. Kh2 Ke2 54. Re6+ Kd3 55. Kg2 Kxc3 56. Rb6 Rf8 57. Kf1 Rf7 58. Rg6 b5 59. Rxa6 Kxb4 60. Rg6 Kc3 61. Rg7 Rf6 62. h7 Rh6 63. Kxf2 b4 64. Rc7+ Kb2 65. Kg3 b3 66. Kg4 Ka2 67. Ra7+ Kb1 68. Kg5 Rh3 69. Kg6 b2 70. Rb7 Kc2 71. Rxb2+ Kxb2 72. Kg7 Rg3+ 73. Kf7 Rf3+ 74. Kg7 Rg3+ 75. Kf7 Rh3 76. Kg7 Rxh7+ 77. Kxh7 1/2-1/2

[Event "7th Amplico AIG Life Gp1"]
[Site "Warsaw POL"]
[Date "2007.12.16"]
[Round "3"]
[White "Mista, A."]
[Black "Mastrovasilis, D."]
[Result "0-1"]
[WhiteElo "2543"]
[BlackElo "2559"]
[PlyCount "77"]
[EventDate "2007.12.16"]
[Source "www.chesslib.no"]
[SourceDate "2004.05.04"]

1. e4 e5 2. f4 exf4 3. Bc4 Nf6 4. Nc3 Bb4 5. Nf3 O-O 6. O-O Nxe4 7. Nxe4 d5 8. d4 dxc4 9. Bxf4 Bf5 10. Ng3 Bg6 11. Ne5 c3 12. Nxg6 hxg6 13. Rb1 Nc6 14. bxc3 Bxc3 15. d5 Nb4 16. d6 g5 17. Ne4 gxf4 18. Nxc3 Nc6 19. Rxb7 cxd6 20. Rxf4 Qg5 21. Nd5 Rae8 22. h4 Qh6 23. Qf1 Qe6 24. c4 Ne7 25. Nc7 Qe3+ 26. Kh1 Ng6 27. Rf3 Qe4 28. Nxe8 Qxb7 29. Nxd6 Qc7 30. Nf5 Ne5 31. Rg3 g6 32. Qf4 Rd8 33. Nh6+ Kh7 34. Nxf7 Qxf7 35. Qxe5 Re8 36. Qg5 Re4 37. c5 Rf4 38. c6 Rf5 39. Qg4 0-1

[Event "Acropolis GM"]
[Site "Athens"]
[Date "2004.11.20"]
[Round "5"]
[White "Kotronias, Vasilios"]
[Black "Mastrovasilis, Athanasios"]
[Result "0-1"]
[WhiteElo "2599"]
[BlackElo "2502"]
[PlyCount "122"]
[EventDate "2004.11.16"]
[Source "Roberto Alvarez"]
[SourceDate "2004.11.29"]

1. e4 e5 2. f4 exf4 3. Bc4 Ne7 4. Nc3 c6 5. d4 d5 6. exd5 Nxd5 7. Nxd5 cxd5 8. Bb3 Bd6 9. Qh5 O-O 10. Ne2 Nd7 11. O-O Nf6 12. Qh4 f3 13. gxf3 Re8 14. Rf2 Be7 15. Rg2 Bf5 16. Bg5 a5 17. Ba4 Rf8 18. Ng3 Bg6 19. Re1 h6 20. Bxf6 Bxf6 21. Qg4 b5 22. Bxb5 Qb6 23. a4 Qxd4+ 24. Qxd4 Bxd4+ 25. Kf1 Bxb2 26. f4 Bc3 27. Rd1 Rad8 28. f5 Bh7 29. Re2 g6 30. Rd3 Bf6 31. Red2 Bg5 32. Rd1 gxf5 33. Rxd5 f4 34. Rxd8 Rxd8 35. Rxd8+ Bxd8 36. Ne2 Bxc2 37. Nd4 Bd1 38. Ke1 Bg4 39. Bc6 Bb6 40. Nf3 Kf8 41. Kd2 Ke7 42. Kc3 Kd6 43. Be4 Bd7 44. Bc2 Bc6 45. Bd1 Bd5 46. Be2 Bf2 47. Bd1 Kc5 48. Be2 f6 49. Bd1 Bc6 50. Kb3 Bd5+ 51. Kc3 Bc6 52. Kb3 Bd4 53. h4 Bd5+ 54. Kc2 f5 55. Kd2 Bf6 56. Ke2 Kb4 57. Bc2 Be4 58. Bd1 Kc3 59. Kf2 Bc2 60. Bxc2 Kxc2 61. h5 Kb3 0-1

[Event "Panormo 82/279"]
[Site "?"]
[Date "2001.??.??"]
[Round "?"]
[White "Grabarczyk, B."]
[Black "Sokolov, I."]
[Result "0-1"]
[WhiteElo "2439"]
[BlackElo "2659"]
[PlyCount "46"]
[EventDate "2001.??.??"]
[Source "Chess Informant"]
[SourceDate "2001.06.01"]

1. e4 e5 2. f4 exf4 3. Bc4 Ne7 4. Nc3 c6 5. Qf3 g5 6. d4 Ng6 7. Nge2 h6 8. g3 g4 9. Qd3 b5 10. Bb3 b4 11. Nd1 Ba6 12. Qd2 f3 13. Nf4 d5 14. exd5 Bd6 15. Nh5 O-O 16. Kf2 Re8 17. Re1 Re2+ 18. Rxe2 fxe2 19. Ne3 Qg5 20. Nxg4 Qf5+ 21. Nf4 Qxg4 22. Nxg6 Qxg6 23. Qxh6 Bxg3+ 0-1

[Event "Eastman Cup, London ENG"]
[Site "London"]
[Date "1997.??.??"]
[Round "1"]
[White "Chandler, M."]
[Black "Emms, J."]
[Result "0-1"]
[WhiteElo "2555"]
[BlackElo "2535"]
[PlyCount "56"]
[EventDate "1997.??.??"]
[Source "www.chesslib.no"]
[SourceDate "2004.05.04"]

1. e4 e5 2. f4 exf4 3. Bc4 Nf6 4. Nc3 Bb4 5. e5 d5 6. Bb5+ c6 7. exf6 cxb5 8. fxg7 Rg8 9. Qe2+ Be6 10. Nf3 Nc6 11. d4 Qf6 12. O-O Bxc3 13. bxc3 a6 14. a4 bxa4 15. Rxa4 b5 16. Ra1 Rxg7 17. Ne1 Nxd4 18. cxd4 Qxd4+ 19. Qf2 Qxa1 20. Nd3 f3 21. g3 Qa4 22. Bb2 Rg6 23. Bd4 Qc4 24. Qe3 Rg4 25. Bf6 Re4 26. Qb6 Bh3 27. Rf2 Rc8 28. Qa5 Qxd3 0-1

[Event "Mephisto-GM-Turnier"]
[Site "Altensteig"]
[Date "1993.??.??"]
[Round "4"]
[White "Bezold, Michael"]
[Black "Almasi, Zoltan"]
[Result "0-1"]
[WhiteElo "2490"]
[BlackElo "2580"]
[PlyCount "54"]
[EventDate "1993.07.??"]
[Source "ChessBase"]

1. e4 e5 2. f4 exf4 3. Bc4 Nf6 4. Nc3 c6 5. d4 d5 6. exd5 cxd5 7. Bb5+ Bd7 8. Bxf4 Bb4 9. Bxd7+ Nbxd7 10. Nge2 O-O 11. O-O Qb6 12. Qd3 Bxc3 13. Nxc3 Rac8 14. Rab1 Rfe8 15. Kh1 Qc6 16. Rbc1 a6 17. Bg5 Ne4 18. Nxe4 Rxe4 19. Qf3 Qe6 20. c3 h6 21. Bd2 Re8 22. h3 Qg6 23. Rf2 Nf6 24. Bf4 R4e6 25. Qd1 Ne4 26. Rf3 Rf6 27. Kh2 Rxf4 0-1

[Event "Campionato europeo 2007"]
[Site "Dresda GER"]
[Date "2007.04.06"]
[Round "4.68"]
[White "Williams, Simon"]
[Black "Van den Doel, Erik"]
[Result "0-1"]
[WhiteElo "2487"]
[BlackElo "2580"]
[PlyCount "118"]
[EventDate "2007.04.03"]
[Source "www.chesslib.no"]
[SourceDate "2004.05.04"]

1. e4 e5 2. f4 exf4 3. Bc4 Ne7 4. Nc3 c6 5. Qh5 Ng6 6. Nf3 Qe7 7. O-O Qc5+ 8. Qxc5 Bxc5+ 9. d4 Bb6 10. Ne2 d6 11. c3 Ne5 12. Bb3 Nxf3+ 13. Rxf3 g5 14. h3 Nd7 15. Kh2 Nf6 16. e5 dxe5 17. dxe5 Nd7 18. g3 Nxe5 19. Rf1 Nd3 20. gxf4 g4 21. Ng3 gxh3 22. f5 Bc7 23. Kxh3 Bxg3 24. Kxg3 Rg8+ 25. Kh4 Nxc1 26. Raxc1 Ke7 27. Rce1+ Kf6 28. Rd1 Bxf5 29. Bc2 Rg4+ 30. Kh3 Rg5+ 31. Bxf5 Rxf5 32. Rd6+ Ke5 33. Rxf5+ Kxf5 34. Rd7 Rh8 35. Rxf7+ Ke4 36. Rd7 a5 37. Kg3 h5 38. Rxb7 Rg8+ 39. Kf2 Rg5 40. Ra7 Rb5 41. Re7+ Kd3 42. Re3+ Kc2 43. Re2+ Kb1 44. b3 Rf5+ 45. Kg3 Rd5 46. c4 Rd3+ 47. Kh4 Rc3 48. a4 Rc2 49. Re8 Kb2 50. Rb8 Rc3 51. Rb6 Rxb3 52. c5 Ka3 53. Rxc6 Rc3 54. Rc8 Kxa4 55. c6 Rc4+ 56. Kxh5 Kb5 57. Kg5 Rxc6 58. Rxc6 Kxc6 59. Kf4 a4 0-1

[Event "Tch (Men) 2005/2006 FRA"]
[Site "?"]
[Date "2006.03.31"]
[Round "5"]
[White "Koch Jean Rene"]
[Black "Fressinet Laurent"]
[Result "1/2-1/2"]
[WhiteElo "2441"]
[BlackElo "2625"]
[PlyCount "66"]
[EventDate "2006.??.??"]
[Source "www.chesslib.no"]
[SourceDate "2004.05.04"]

1. e4 e5 2. f4 exf4 3. Bc4 Ne7 4. Nc3 c6 5. Qh5 Ng6 6. d4 Be7 7. Nge2 b5 8. Bb3 b4 9. Nd1 Ba6 10. Nxf4 d5 11. exd5 O-O 12. Nxg6 hxg6 13. Qf3 c5 14. Bf4 Nd7 15. Nf2 Qa5 16. dxc5 Nxc5 17. O-O-O Nxb3+ 18. Qxb3 Rfc8 19. d6 Bc4 20. Qe3 Bf6 21. d7 Rd8 22. Ne4 Qxa2 23. Nxf6+ gxf6 24. Qd4 Bb5 25. b3 Rxd7 26. Qxf6 Rc8 27. Qb2 Qa6 28. Kb1 Qe6 29. Qe5 Qc6 30. Rc1 Rd5 31. Qb2 Qe6 32. Rhe1 Qf5 33. Re5 Rxe5 1/2-1/2

[Event "Golombek mem"]
[Site "Paignton"]
[Date "2000.09.09"]
[Round "7"]
[White "Hillarp Persson, Tiger"]
[Black "Hebden, Mark"]
[Result "1-0"]
[WhiteElo "2549"]
[BlackElo "2505"]
[PlyCount "123"]
[EventDate "2000.09.03"]
[Source "ChessBase"]
[SourceDate "2000.11.21"]

1. e4 e5 2. f4 exf4 3. Bc4 Nf6 4. Nc3 c6 5. d4 Bb4 6. e5 Ne4 7. Qf3 d5 8. exd6 Nxd6 9. Bd3 Qh4+ 10. Qf2 Qxf2+ 11. Kxf2 Bf5 12. Bxf4 Bxd3 13. cxd3 Nf5 14. Nf3 f6 15. g4 Ne7 16. a3 Ba5 17. Ne4 Nd5 18. Nd6+ Kd7 19. Bg3 b5 20. Ne4 Na6 21. a4 b4 22. Nfd2 h5 23. Nb3 Bb6 24. Rhe1 hxg4 25. a5 Bxd4+ 26. Nxd4 f5 27. Rac1 fxe4 28. dxe4 Raf8+ 29. Kg1 Nf4 30. Nxc6 Rh5 31. Red1+ Ke6 32. Nd4+ Ke7 33. Nc6+ Ke6 34. Nd4+ Ke7 35. Bxf4 Rxf4 36. Nf5+ Rhxf5 37. exf5 Rxf5 38. Rc4 Rxa5 39. Rxg4 g5 40. Re4+ Kf6 41. Rf1+ Kg6 42. Re6+ Kh5 43. Re7 Nc5 44. Re5 Nb3 45. Rxa5 Nxa5 46. Rc1 Nb3 47. Rc8 a5 48. Kf2 a4 49. Rh8+ Kg6 50. Ra8 Nc5 51. Ke3 a3 52. bxa3 bxa3 53. Rxa3 Kh5 54. Kd4 Ne6+ 55. Ke5 Nf4 56. Rg3 Ne2 57. Rh3+ Kg4 58. Re3 Nf4 59. Rg3+ Kh4 60. Kf5 Nh3 61. Rg4+ Kh5 62. Rg2 1-0

[Event "Samara (Russia)"]
[Site "?"]
[Date "2003.??.??"]
[Round "5"]
[White "Voitsekhovsky Stanislav"]
[Black "Tomashevsky Evgeny"]
[Result "1/2-1/2"]
[WhiteElo "2499"]
[BlackElo "2523"]
[PlyCount "54"]
[EventDate "2003.??.??"]
[Source "www.chesslib.no"]
[SourceDate "2004.05.04"]

1. e4 e5 2. f4 exf4 3. Bc4 Nf6 4. Nc3 c6 5. Bb3 d5 6. exd5 cxd5 7. d4 Bd6 8. Nge2 f3 9. gxf3 Nc6 10. Bg5 h6 11. Bh4 Be6 12. Qd2 Ne4 13. Bxd8 Nxd2 14. Kxd2 Rxd8 15. Bxd5 Nxd4 16. Nxd4 Bf4+ 17. Kd3 Bxd5 18. Rae1+ Be6 19. Re4 g5 20. Nce2 Bc7 21. Ke3 Bb6 22. h4 Ke7 23. f4 gxf4+ 24. Nxf4 Rxd4 25. Rxd4 Bxd4+ 26. Kxd4 Rc8 27. Nxe6 fxe6 1/2-1/2

[Event "New York op"]
[Site "New York"]
[Date "1997.??.??"]
[Round "8"]
[White "Reprintsev, Alexander"]
[Black "Hjartarson, Johann"]
[Result "0-1"]
[WhiteElo "2425"]
[BlackElo "2585"]
[PlyCount "88"]
[EventDate "1997.04.02"]
[Source "www.chesslib.no"]
[SourceDate "2004.05.04"]

1. e4 e5 2. f4 exf4 3. Bc4 Qh4+ 4. Kf1 d6 5. Nf3 Qh5 6. Nc3 c6 7. d4 g5 8. h4 h6 9. Kg1 g4 10. Ne1 f3 11. Nd3 Ne7 12. Nf4 Qa5 13. gxf3 Nd7 14. Kh2 Nf6 15. Re1 gxf3 16. Qxf3 Bg4 17. Qd3 Bd7 18. Kh1 Rg8 19. Bd2 Qb6 20. Rg1 Rg4 21. Rxg4 Nxg4 22. Rf1 f5 23. Be6 Bg7 24. Nce2 Bxe6 25. Nxe6 Bf6 26. Bf4 Kf7 27. exf5 Qxb2 28. Bxd6 Qxa2 29. Nc3 Qa5 30. Bc7 Qa3 31. Nf4 Rc8 32. Qc4+ Ke8 33. Re1 Rxc7 34. Ne6 Rd7 35. Nc5 Rd5 36. Nxb7 Kf8 37. Nc5 Kg7 38. Rg1 h5 39. Ne6+ Kh8 40. Nf4 Rxf5 41. Nxh5 Rxh5 42. Rxg4 Qc1+ 43. Kg2 Qxc2+ 44. Kh3 Qf5 0-1

[Event "Kobenhavn 85/284"]
[Site "?"]
[Date "2002.??.??"]
[Round "?"]
[White "El-Kher, H."]
[Black "Beliavsky, A."]
[Result "0-1"]
[WhiteElo "2355"]
[BlackElo "2652"]
[PlyCount "42"]
[EventDate "2002.??.??"]
[Source "Chess Informant"]
[SourceDate "2002.06.01"]

1. e4 e5 2. f4 exf4 3. Bc4 Nf6 4. Nc3 c6 5. d4 Bb4 6. e5 Ne4 7. Qf3 Qh4+ 8. Kf1 d5 9. exd6 Nxd6 10. Qe2+ Qe7 11. Bxf4 Nxc4 12. Qxc4 Be6 13. d5 cxd5 14. Nxd5 Nc6 15. c3 Ba5 16. Qb5 Qd7 17. Rd1 O-O-O 18. Nb6+ Bxb6 19. Rxd7 Rxd7 20. Qe2 Bf5 21. Ke1 Re7 0-1

[Event "Cappelle la Grande op"]
[Site "Cappelle la Grande"]
[Date "2001.02.25"]
[Round "2"]
[White "Senff, Martin"]
[Black "Van den Doel, Erik"]
[Result "0-1"]
[WhiteElo "2443"]
[BlackElo "2564"]
[PlyCount "36"]
[EventDate "2001.02.24"]
[Source "ChessBase"]
[SourceDate "2001.03.08"]

1. e4 e5 2. f4 exf4 3. Bc4 d5 4. Bxd5 Qh4+ 5. Kf1 g5 6. Nf3 Qh5 7. d4 Bg7 8. h4 h6 9. Kg1 g4 10. Nh2 c6 11. Bc4 c5 12. c3 cxd4 13. cxd4 Nc6 14. d5 Bd4+ 15. Kf1 Qxh4 16. Qe1 Qxe1+ 17. Kxe1 Ne5 18. Be2 f3 0-1

[Event "Skanska Open"]
[Site "Pardubice"]
[Date "2004.07.30"]
[Round "8"]
[White "Simacek, Pavel"]
[Black "Postny, Evgeny"]
[Result "1-0"]
[WhiteElo "2439"]
[BlackElo "2563"]
[PlyCount "133"]
[EventDate "2004.07.23"]
[Source "Roberto Alvarez"]
[SourceDate "2004.08.10"]

1. e4 e5 2. f4 exf4 3. Bc4 Nf6 4. Nc3 Nc6 5. Nf3 Bb4 6. e5 Ng4 7. O-O O-O 8. d4 d6 9. exd6 Bxd6 10. Ne4 Bf5 11. Nfg5 f3 12. h3 Bxe4 13. Nxe4 f2+ 14. Kh1 Nf6 15. Nxf2 Qd7 16. c3 Ne7 17. Bg5 Nfd5 18. Qf3 c6 19. Ne4 Bc7 20. Rae1 Rae8 21. Kg1 b6 22. Bh4 f5 23. Ng5 Qd6 24. Ne6 Ng6 25. Nxc7 Nxh4 26. Bxd5+ Kh8 27. Qf2 Rxe1 28. Rxe1 Qxc7 29. Qxh4 cxd5 30. Qe7 Qb8 31. Re5 f4 32. Rg5 Rg8 33. Qe5 Qc8 34. Qxd5 Qa6 35. Re5 Qd3 36. Qe4 Qd2 37. Qe2 Qc1+ 38. Kh2 f3 39. gxf3 h6 40. Re8 Qf4+ 41. Kg2 Qg5+ 42. Kf1 Rxe8 43. Qxe8+ Kh7 44. Qe4+ Kh8 45. Qe8+ Kh7 46. Qe4+ Kh8 47. Kf2 Qc1 48. Qe2 Qh1 49. Kg3 Qg1+ 50. Kf4 Qg5+ 51. Ke4 Qg6+ 52. Kd5 Qf5+ 53. Kd6 Qf8+ 54. Kd7 Qf7+ 55. Kc6 Qf6+ 56. Kb7 Qf7+ 57. Kb8 a5 58. b3 Qd7 59. Qe5 Qxh3 60. Qe8+ Kh7 61. Qe4+ Kh8 62. d5 Qh2+ 63. f4 Qd2 64. Qd4 Qe2 65. Qe5 Qd1 66. d6 h5 67. Qd4 1-0

[Event "Bundesliga 9697"]
[Site "Germany"]
[Date "1997.??.??"]
[Round "?.3"]
[White "Chandler, Murray G"]
[Black "Renner, Christoph"]
[Result "1-0"]
[WhiteElo "2555"]
[BlackElo "2445"]
[PlyCount "79"]
[EventDate "1996.10.??"]
[Source "ChessBase"]
[SourceDate "1999.07.01"]

1. e4 e5 2. f4 exf4 3. Bc4 c6 4. Nc3 Qh4+ 5. Kf1 Qd8 6. d3 Nf6 7. Qf3 d5 8. exd5 Bg4 9. Qxf4 Bd6 10. Qd4 c5 11. Qe3+ Be7 12. h3 Bh5 13. Bb5+ Kf8 14. Bc4 a6 15. a4 Nbd7 16. Nge2 Bd6 17. Nf4 Qc7 18. Qf2 Re8 19. g4 Bxg4 20. hxg4 Nxg4 21. Qg2 Ndf6 22. Nce2 Re5 23. Ke1 g6 24. Kd1 Kg7 25. Bd2 Rhe8 26. Nc3 Rf5 27. Nh3 Bg3 28. Ne4 Rxe4 29. dxe4 Nf2+ 30. Kc1 N6xe4 31. Nxf2 Nxf2 32. Rf1 h5 33. Ra3 h4 34. Rf3 h3 35. Qxg3 Qxg3 36. Rxg3 h2 37. Bc3+ f6 38. Kb1 Ne4 39. Rh3 Nxc3+ 40. bxc3 1-0

[Event "London Lloyds"]
[Site "London ENG"]
[Date "1993.??.??"]
[Round "4"]
[White "Hodgson, Julian M"]
[Black "Barle, Janez"]
[Result "1-0"]
[WhiteElo "2565"]
[BlackElo "2435"]
[PlyCount "69"]
[EventDate "1993.08.??"]
[Source "www.chesslib.no"]
[SourceDate "2004.05.04"]

1. e4 e5 2. f4 exf4 3. Bc4 Nf6 4. Nc3 c6 5. Bb3 d5 6. exd5 cxd5 7. d4 Bd6 8. Nge2 f3 9. gxf3 O-O 10. Bg5 h6 11. Bh4 Be7 12. Qd3 Nc6 13. O-O-O Nh5 14. Bxe7 Nxe7 15. Qd2 Qd6 16. Rde1 Bd7 17. Ng3 Nf6 18. Nce2 a5 19. a3 b5 20. Rhg1 Kh8 21. Nf4 a4 22. Ba2 Nc6 23. Ngh5 Nxh5 24. Nxh5 Rg8 25. Qf4 Qxf4+ 26. Nxf4 Nxd4 27. Bxd5 Rac8 28. Bxf7 Rxc2+ 29. Kb1 Rgc8 30. Ng6+ Kh7 31. Ne7 Kh8 32. Bg6 R2c5 33. Nxc8 Nxf3 34. Ne7 Nxg1 35. Rxg1 1-0

[Event "Bayern-chI Bank Hofmann 4th"]
[Site "?"]
[Date "2000.10.30"]
[Round "3"]
[White "Senff Martin"]
[Black "Graf Alexander"]
[Result "1/2-1/2"]
[WhiteElo "2354"]
[BlackElo "2642"]
[PlyCount "109"]
[EventDate "2000.??.??"]
[Source "www.chesslib.no"]
[SourceDate "2004.05.04"]

1. e4 e5 2. f4 exf4 3. Bc4 Qh4+ 4. Kf1 Nf6 5. Nf3 Qh5 6. Nc3 Nc6 7. d4 Bb4 8. e5 Bxc3 9. exf6 d5 10. Bb5 Ba5 11. fxg7 Rg8 12. Bxf4 Rxg7 13. Ne5 Qf5 14. Qf3 Bd7 15. Nxd7 Kxd7 16. Bd3 Qe6 17. c3 Rag8 18. Bg3 Ne7 19. Re1 Qh6 20. Kf2 c6 21. Re2 Rxg3 22. hxg3 Qxh1 23. Qxf7 Bd8 24. Rxe7+ Bxe7 25. Qxg8 Qc1 26. Qg4+ Kd8 27. Qe2 h6 28. Bf5 Bg5 29. Kf3 Kc7 30. Kg4 Qe3 31. Qxe3 Bxe3 32. b3 b5 33. Bd3 a5 34. a4 Kb6 35. Kf5 Bd2 36. c4 dxc4 37. bxc4 bxa4 38. c5+ Kc7 39. Bc4 a3 40. g4 Be3 41. Ke4 Bf2 42. Ba2 Kd7 43. Kd3 Ke7 44. d5 Bxc5 45. dxc6 Kd6 46. Kc2 Kxc6 47. Bg8 Kd6 48. Kb3 Ke5 49. Ka2 Kf4 50. Be6 Kg3 51. Bc8 Kxg2 52. Bd7 Kg3 53. Bc8 Kf4 54. Bd7 a4 55. Bc8 1/2-1/2